00473nam a2200193 a 4500001001300000003000900013005001700022008004100039020001000080082001700090100002400107245001900131260002600150300000900176500003500185505001300220650002200233700002400255nice12345678IN_TiNIC20260116011440.0050524s0000 laha grp 000 0 urd  ac10000a922.97bIQB2 aIqbal, Sir Mohammad aBal-E-Jibrayel aLahorebTaj Co.c0000 a224p aincludes index and biblioraphy2 aArchives aUrdu-Poetry-iqbal1 aIqbal, Sir Mohammad